00519 2200181 4500001002100000008004100021035002000062245011600082100001900198250000600217260003200223300001200255020002200267084001400289082000800303650001400311990001200325INLIS000000000001222 ind  a0010-0524000457 aFisika Modern Tingkat Internasional Sebagai Persiapan Menuju Olimpiade InternasionalcProf. Yohanes Surya, Ph.D aSurya, Yohanes a1 aJakarta :bPT. Kandelc2017 a177 hlm a978-602-6878-38-0 a530 YOH f a530 aNon Fiksi a0744938